Language Quiz

Random Language or Numbers Quiz
Score 0/200 Timer 08:00
6 Plays Today
% Correct
Un
98.6%
U
98.6%
Un
98.6%
Un
98.6%
Un
98.6%
Un
98.6%
Un
98.5%
Uno
95.5%
Uno
95.5%
Trè
93.5%
Tre
93.5%
Trê
93.5%
Tres
92.4%
Três
92.4%
Tres
92.4%
Tres
92.4%
Três
92.4%
Tres
92.4%
Tres
92.4%
Trés
92.3%
Doi
92.1%
Dos
91.9%
Do
91.8%
Dos
91.6%
Dos
91.6%
Cinco
80.6%
Cinco
80.6%
Cinco
80.6%
Cinco
80.6%
Ocho
78.8%
Deu
78.8%
Deu
78.8%
Deux
77.7%
Trois
77.7%
Sei
77.6%
Sei
77.6%
Sei
77.6%
Sie
75.8%
Sié
75.7%
Cinq
74.8%
Cinq
74.8%
Seis
74.4%
Seis
74.4%
Seis
74.4%
Seis
74.4%
Cinc
73.4%
Cinc
73.4%
Cinc
73.4%
Nueve
73.1%
Nueve
73.1%
Siete
70.9%
Siête
70.9%
Quatre
69.3%
Quatre
69.3%
Six
69%
Cuatro
68.5%
Cuatro
68.5%
Sept
68.1%
Siet
67.9%
Siet
67.9%
Quatro
66.3%
Quatro
66.3%
Quatro
66.3%
Neuf
65.7%
Neuf
65.7%
Dix
65.1%
Neu
64.7%
% Correct
Huit
64.7%
Huit
64.7%
Huit
64.7%
Diez
63.5%
Due
60.1%
Set
49.9%
Sèt
49.9%
Sèt
49.9%
Set
49.9%
Set
49.9%
On
47.4%
Quattro
46.1%
Quattro
46.1%
45.6%
Cinqu
43.3%
Cinque
39.6%
Cinque
39.6%
Çinque
39.6%
Nove
36.4%
Nove
36.4%
Nove
36.4%
Nove
36.4%
Nóve
36.4%
Onk, One
36.3%
Otto
35%
Otto
35%
Sette
34.5%
Sette
34.5%
Sette
34.5%
Sette
34.5%
Sètt
33%
Dieç
31.7%
Sés
31%
Ses
31%
Tri
30.8%
Tri
30.8%
Dîs
29%
Sete
27.4%
Sete
27.4%
Sete
27.4%
Dieci
26.9%
Doi
26.7%
Doì
26.6%
Sis
25.7%
Sîs
25.7%
Sis
25.7%
Dés
25.4%
Trei
24.5%
Trei
24.5%
Dus
23.9%
Um
23.9%
Unu
23.4%
Unu
23.4%
Unu
23.4%
Unu
23.4%
Dez
21.9%
Dez
21.9%
Dois
21.4%
Sies
19.9%
Deus
18.5%
Diéx
17.3%
Oito
17.1%
Oito
17.1%
In
16.9%
Dui
16.7%
Dui
16.7%
Nou
16.3%
% Correct
Cinci
16.1%
Dous
15.6%
Oto
15.6%
Catro
15%
Dous
14.7%
Duos
14.5%
Patru
14%
Dece
13.9%
Deci
13.3%
Opt
13.2%
Șapte
13.1%
Șase
13.1%
Treis
12.6%
Zece
12.5%
Nouă
12.5%
Cincu
11.9%
Novi
11.6%
Quate
11.3%
Quate
11.3%
Duu
11.3%
Nûf
11%
Vuit
10.7%
Uit
10.7%
Ottu
10.5%
Ottu
10.5%
Cuatri
10.4%
Quattru
10.3%
Quattru
10.3%
Setti
10.3%
Siéx
10%
Noe
9.9%
Eun
9.2%
Yon
9.2%
Chin
9.1%
Trii
8.7%
Kat
8.7%
Ût
8.7%
Sinque
8.5%
Vun
8.4%
Battoro
7.8%
Vot
7.8%
Noûv
7.8%
Dich
7.5%
Chimbe
7.5%
Quatter
7.5%
Troes
7.3%
Deghe
7.1%
Déeus
7.1%
Diéxe
7%
Cwate
6.9%
Uito
6.9%
Nau
6.7%
Cénk
6.7%
Chink
6.7%
Dîjh
6.6%
Dexe
6.6%
Vòtt
6.5%
Shîjh
6.4%
Syis
6.3%
Trouo
6.3%
Ueit
6.3%
Dyis
6.3%
Dètz
6.2%
Noeuv
6.2%
Euttu
6%
Nuôbe
5.9%
Remove Ads.
Support Sporcle.
Get the best of Sporcle when you Go Orange. This ad-free experience offers more features, more stats, and more fun while also helping to support Sporcle. Thank you for becoming a member.

You're not logged in!

Compare scores with friends on all Sporcle quizzes.
OR
Log In

Show Comments

Extras

Top Quizzes Today


Score Distribution

Your Account Isn't Verified!

In order to create a playlist on Sporcle, you need to verify the email address you used during registration. Go to your Sporcle Settings to finish the process.

Report this User

Report this user for behavior that violates our Community Guidelines.

Details: